Score 0/11 Timer 01:00
7 Plays Today
State % Correct
Texas
95.9%
Florida
95.7%
New Mexico
90.3%
California
90.3%
Arizona
87.6%
Alabama
85.2%
Louisiana
85.2%
Mississippi
81%
Georgia
78.6%
Hawaii
72.8%
South Carolina
45.1%
Remove Ads.
Support Sporcle.
Get the best of Sporcle when you Go Orange. This ad-free experience offers more features, more stats, and more fun while also helping to support Sporcle. Thank you for becoming a member.

You're not logged in!

Compare scores with friends on all Sporcle quizzes.
OR
Log In

Show Comments

Extras

Top Quizzes Today


Score Distribution

Your Account Isn't Verified!

In order to create a playlist on Sporcle, you need to verify the email address you used during registration. Go to your Sporcle Settings to finish the process.

Report this User

Report this user for behavior that violates our Community Guidelines.

Details: